Jugando se aprende ortografía : (Registro nro. 14717)
[ vista simple ]
| 000 -LEADER | |
|---|---|
| fixed length control field | 00956nam a2200289 a 4500 |
| 001 - CONTROL NUMBER | |
| control field | |
| 003 - CONTROL NUMBER IDENTIFIER | |
| control field | DO-SdBNP |
| 005 - DATE AND TIME OF LATEST TRANSACTION | |
| control field | 20240704122627.0 |
| 008 - FIXED-LENGTH DATA ELEMENTS--GENERAL INFORMATION | |
| fixed length control field | 081212s2009 ur 000 0 spa d |
| 020 ## - INTERNATIONAL STANDARD BOOK NUMBER | |
| International Standard Book Number | 9789974807761 (o.c) |
| 040 ## - CATALOGING SOURCE | |
| Original cataloging agency | BPMSU |
| Language of cataloging | spa |
| Transcribing agency | BPMSU |
| 082 ## - DEWEY DECIMAL CLASSIFICATION NUMBER | |
| Classification number | 372.6 |
| Item number | J93s 2010 |
| Edition number | 22 |
| 245 10 - TITLE STATEMENT | |
| Title | Jugando se aprende ortografía : |
| Remainder of title | manual práctico con juegos y ejercitaciones, para adquirir y fijar conocimientos y reglas ortográficas / |
| Statement of responsibility, etc. | María Teresa Forero redacción; ilustraciones Víctor Marcelo Páez |
| 250 ## - EDITION STATEMENT | |
| Edition statement | |
| 260 ## - PUBLICATION, DISTRIBUTION, ETC. (IMPRINT) | |
| Place of publication, distribution, etc. | Uruguay : |
| Name of publisher, distributor, etc. | Lexus, |
| Date of publication, distribution, etc. | 2009 |
| 300 ## - PHYSICAL DESCRIPTION | |
| Extent | v. ; |
| Dimensions | 28 cm. |
| 500 ## - GENERAL NOTE | |
| General note | |
| 504 ## - BIBLIOGRAPHY, ETC. NOTE | |
| Bibliography, etc | |
| 590 ## - LOCAL NOTE (RLIN) | |
| Local note | Inventariado, 2024/VM |
| 650 #4 - SUBJECT ADDED ENTRY--TOPICAL TERM | |
| Topical term or geographic name as entry element | Español |
| General subdivision | Ortografía |
| 650 #4 - SUBJECT ADDED ENTRY--TOPICAL TERM | |
| Topical term or geographic name as entry element | Español |
| General subdivision | Ortografía |
| -- | Enseñanza |
| 700 1# - ADDED ENTRY--PERSONAL NAME | |
| Personal name | Forero, María Teresa |
| Relator term | redacciòn |
| 700 1# - ADDED ENTRY--PERSONAL NAME | |
| Personal name | Páez, Víctor Marcelo |
| Relator term | ilustraciones |
| 710 2# - ADDED ENTRY--CORPORATE NAME | |
| Relator code | Lexus |
| 910 ## - USER-OPTION DATA (OCLC) | |
| User-option data | VMateo V. Control de calidad. BPMSU |
| 942 ## - ADDED ENTRY ELEMENTS (KOHA) | |
| Source of classification or shelving scheme | Dewey Decimal Classification |
| Koha item type | Libros |
| Withdrawn status | Lost status | Source of classification or shelving scheme | Damaged status | Not for loan | Collection code | Home library | Current library | Date acquired | Total Checkouts | Full call number | Barcode | Date last seen | Copy number | Price effective from | Koha item type |
|---|---|---|---|---|---|---|---|---|---|---|---|---|---|---|---|
| Dewey Decimal Classification | Colección Infantil General | Biblioteca Pública Metropolitana Salomé Ureña | Biblioteca Pública Metropolitana Salomé Ureña | 07/04/2024 | BPMSU CGI 372.6 J93s 2010 | BPMSU24070023 | 07/04/2024 | v.1 | 07/04/2024 | Libros | |||||
| Dewey Decimal Classification | Colección Infantil General | Biblioteca Pública Metropolitana Salomé Ureña | Biblioteca Pública Metropolitana Salomé Ureña | 07/04/2024 | BPMSU CGI 372.6 J93s 2010 | BPMSU24070024 | 07/04/2024 | v.2, e2 | 07/04/2024 | Libros | |||||
| Dewey Decimal Classification | Colección Infantil General | Biblioteca Pública Metropolitana Salomé Ureña | Biblioteca Pública Metropolitana Salomé Ureña | 07/04/2024 | BPMSU CGI 372.6 J93s 2010 | BPMSU24070025 | 07/04/2024 | v.2 | 07/04/2024 | Libros | |||||
| Dewey Decimal Classification | Colección Infantil General | Biblioteca Pública Metropolitana Salomé Ureña | Biblioteca Pública Metropolitana Salomé Ureña | 07/04/2024 | BPMSU CGI 372.6 J93s 2010 | BPMSU25060069 | 06/17/2025 | v.1, e.2 | 07/04/2024 | Libros |